000 00952nmc a2200349 a 4500
003 AR-BaBNM
005 20251128204057.0
008 126119s1989 ||||||||||||||000 | spa||
020 _a950-03-0333-7
040 _cAR-BaBNM
100 1 _aIonesco, Eugène
_d1909-1994
245 1 0 _aLa cantante calva
250 _a3ª ed.
260 _aBuenos Aires
_bLosada
_c1989
300 0 _a199 p.
490 0 _aBiblioteca clásica y contemporánea
_vv. 453
650 4 _aTEATRO FRANCES
650 4 _aLITERATURA FRANCESA
653 0 _aTEATRO DE VANGUARDIA
653 0 _aTEATRO DEL ABSURDO
655 _aLITERATURA
700 1 _aEchávarri, Luis
_etraductor
700 1 _aLemarchand, Jacques
_eprologuista
740 0 _aJacobo o la sumisión
740 0 _aEl porvenir está en los huevos
740 0 _aLa lección
740 0 _aEl maestro
740 0 _aVíctimas del deber
740 0 _aLa joven casadera
942 _cBK
998 _cMARTIN
999 _c6073
_d6073